| 000 | 00895nam a2200241Ia 4500 | ||
|---|---|---|---|
| 005 | 20240530110941.0 | ||
| 008 | 140319s2021 ua a f 000 0 ara d | ||
| 017 |
_a2019/27765 _bمصر. دار الكتب |
||
| 020 | _a9789776784123 | ||
| 040 |
_aGCL / _cGCL |
||
| 082 | 0 | 4 |
_221 _a128.6 _bب م |
| 100 | 0 | _aبنين حامد الجبورى | |
| 245 | 1 | 0 |
_aمنطلقات فلسفة الجسد فى الفكر المعاصر : _bاخلاقيا وجماليا / _cبنين حامد الجبورى |
| 250 | _aط. 1 | ||
| 260 |
_aالاسكندرية : _bدار الوفاء لدنيا الطباعة و النشر، _c2021. |
||
| 300 |
_a316 ص. : _bايض ؛ _c24 سم. |
||
| 650 | 0 | 7 | _aالجسد |
| 650 | 0 | 7 | _aتاجير الارحام |
| 650 | 0 | 7 | _aالفلسفة الحديثة |
| 650 | 0 | 7 | _aالاستنساخ |
| 942 |
_2ddc _cBK |
||
| 999 |
_c66827 _d66827 |
||